Влияние коллоидного кремнезема на процессы гелеобразования в жидкостекольной композиции; Химия и химическая технология в XXI веке; Т. 1

التفاصيل البيبلوغرافية
Parent link:Химия и химическая технология в XXI веке: материалы XVI Международной научно-практической конференции студентов и молодых ученых, посвященной 115-летию со дня рождения профессора Л. П. Кулёва, Томск, 25-29 мая 2015 г./ Национальный исследовательский Томский политехнический университет (ТПУ) ; Институт природных ресурсов (ИПР) ; Институт физики высоких технологий (ИФВТ) ; Физико-технический институт (ФТИ) ; Российский фонд фундаментальных исследований (РФФИ).— , 2015
Т. 1.— 2015.— [С. 9-11]
المؤلف الرئيسي: Алексеевская Ю. Е.
مؤلف مشترك: Национальный исследовательский Томский политехнический университет (ТПУ) Институт физики высоких технологий (ИФВТ) Кафедра технологии силикатов и наноматериалов (ТСН)
مؤلفون آخرون: Буймов Я. Е. (научный руководитель), Казьмина О. В. Ольга Викторовна
الملخص:Заглавие с титульного экрана
اللغة:الروسية
منشور في: 2015
سلاسل:Химия и химическая технология неорганических веществ и материалов
الموضوعات:
الوصول للمادة أونلاين:http://earchive.tpu.ru/handle/11683/19646
http://www.lib.tpu.ru/fulltext/c/2015/C27/V1/002.pdf
التنسيق: MixedMaterials الكتروني فصل الكتاب
KOHA link:https://koha.lib.tpu.ru/cgi-bin/koha/opac-detail.pl?biblionumber=613030

MARC

LEADER 00000naa2a2200000 4500
001 613030
005 20240119151730.0
035 |a (RuTPU)RU\TPU\conf\11161 
035 |a RU\TPU\conf\10707 
090 |a 613030 
100 |a 20150706d2015 k y0rusy50 ca 
101 0 |a rus 
102 |a RU 
105 |a y z 101zy 
135 |a drcn ---uucaa 
181 0 |a i  
182 0 |a b 
200 1 |a Влияние коллоидного кремнезема на процессы гелеобразования в жидкостекольной композиции  |f Ю. Е. Алексеевская, Я. Е. Буймов  |g науч. рук. О. В. Казьмина 
203 |a Текст  |c электронный 
225 1 |a Химия и химическая технология неорганических веществ и материалов 
300 |a Заглавие с титульного экрана 
320 |a [Библиогр.: с. 11 (2 назв.)] 
337 |a Adobe Reader 
461 1 |0 (RuTPU)RU\TPU\conf\10702  |t Химия и химическая технология в XXI веке  |o материалы XVI Международной научно-практической конференции студентов и молодых ученых, посвященной 115-летию со дня рождения профессора Л. П. Кулёва, Томск, 25-29 мая 2015 г.  |o в 2 т.  |f Национальный исследовательский Томский политехнический университет (ТПУ) ; Институт природных ресурсов (ИПР) ; Институт физики высоких технологий (ИФВТ) ; Физико-технический институт (ФТИ) ; Российский фонд фундаментальных исследований (РФФИ)  |d 2015 
463 1 |0 (RuTPU)RU\TPU\conf\10704  |t Т. 1  |v [С. 9-11]  |d 2015 
610 1 |a труды учёных ТПУ 
610 1 |a электронный ресурс 
610 1 |a кремнеземы 
610 1 |a гелеобразование 
610 1 |a жидкостекольные композиции 
610 1 |a жидкое стекло 
610 1 |a щелочные металлы 
700 1 |a Алексеевская  |b Ю. Е. 
701 1 |a Буймов  |b Я. Е. 
702 1 |a Казьмина  |b О. В.  |c химик-технолог  |c профессор Томского политехнического университета, доктор технических наук  |f 1967-  |g Ольга Викторовна  |4 727 
712 0 2 |a Национальный исследовательский Томский политехнический университет (ТПУ)  |b Институт физики высоких технологий (ИФВТ)  |b Кафедра технологии силикатов и наноматериалов (ТСН)  |3 (RuTPU)RU\TPU\col\18694 
801 2 |a RU  |b 63413507  |c 20210204  |g RCR 
856 4 |u http://earchive.tpu.ru/handle/11683/19646 
856 4 |u http://www.lib.tpu.ru/fulltext/c/2015/C27/V1/002.pdf 
942 |c BK